| 000 | 00000nam 2200000za 4500 |
| 001 | 9.642950 |
| 003 | CaOODSP |
| 005 | 20210624223938 |
| 007 | cr ||||||||||| |
| 008 | 150407s2015 onc|||||o f|0| 0 fre d |
| 020 | |a978-0-660-21867-0 |
| 040 | |aCaOODSP|bfre |
| 043 | |an-cn--- |
| 086 | 1 |aCW66-389/2015F-PDF |
| 110 | 2 |aService canadien de la faune. |
| 245 | 10|aRéserve nationale de faune de Prince Edward Point |h[ressource électronique]. |
| 260 | |aOttawa : |bEnvironnement Canada, |cc2014. |
| 300 | |a1 p. : |bcarte, photographies. |
| 500 | |aLe n° de catalogue CW66-389/2014F-PDF est imprimé dans cette publication. |
| 530 | |aPubl. aussi en format HTML. |
| 590 | |a15-11|b2015-03-13 |
| 691 | 07|aGestion de la faune|2gcpds |
| 691 | 07|aAire de conservation|2gcpds |
| 775 | 08|tPrince Edward Point National Wildlife Area |w(CaOODSP)9.698946 |
| 776 | 0#|tPrince Edward Point National Wildlife Area |w(CaOODSP)9.674057 |
| 776 | 0#|tRéserve nationale de faune de Prince Edward Point |w(CaOODSP)9.674058 |
| 794 | |tRéserve nationale de faune de la Pointe-du-Prince-Édouard |w(CaOODSP)9.833302 |
| 856 | 40|ahttp://publications.gc.ca|qPDF|s563 Ko|uhttps://publications.gc.ca/collections/collection_2015/ec/CW66-389-2015-fra.pdf |